[Event "Erandio op 26th"]
[Site "Erandio"]
[Date "2017.12.18"]
[Round "3"]
[White "Prieto Aranguren, Alain"]
[Black "Blesa Fernandez, Francisco"]
[Result "1-0"]
[WhiteElo "2238"]
[BlackElo "2046"]
[PlyCount "71"]
[EventDate "2017.12.16"]
[EventType "swiss"]
[EventRounds "8"]
[EventCountry "ESP"]
[SourceTitle "CBM 182 Extra"]
[Source "ChessBase"]
[SourceDate "2018.02.23"]
[SourceVersion "1"]
[SourceVersionDate "2018.02.23"]
[SourceQuality "1"]

1. d4 d5 2. c4 c6 3. Nf3 Nf6 4. Nc3 a6 5. e3 b5 6. c5 Bg4 7. Qb3 Nbd7 8. a4 Bxf3 9. gxf3 e5 10. Qa3 Nb6 11. dxe5 Nfd7 12. b4 Nc4 13. Bxc4 bxc4 14. f4 a5 15. Ne2 axb4 16. Qxb4 Nxc5 17. 0-0 Nb3 18. Qb7 Na5 19. Qb1 Nb3 20. Ra2 Bc5 21. Kh1 0-0 22. Rg1 Nxc1 23. Qxc1 Re8 24. Ng3 Re6 25. Qc3 Qa5 26. Qc2 Rb8 27. Raa1 c3 28. Nh5 g6 29. Nf6+ Kg7 30. Qf5 Qc7 31. Qh3 Rh8 32. Ng4 h5 33. Nf6 Be7 34. Rxg6+ fxg6 35. Qxe6 Bxf6 36. exf6+ 1-0

[Event "Madrid Chamartin op 6th"]
[Site "Madrid"]
[Date "2017.09.07"]
[Round "5"]
[White "Alonso Abad, Enrique"]
[Black "Blesa Fernandez, Francisco"]
[Result "1/2-1/2"]
[WhiteElo "1923"]
[BlackElo "2010"]
[PlyCount "94"]
[EventDate "2017.09.04"]
[EventType "swiss"]
[EventRounds "9"]
[EventCountry "ESP"]
[SourceTitle "CBM 180 Extra"]
[Source "ChessBase"]
[SourceDate "2017.10.06"]
[SourceVersion "1"]
[SourceVersionDate "2017.10.06"]
[SourceQuality "1"]

1. d4 Nf6 2. Bf4 g6 3. e3 Bg7 4. Nf3 0-0 5. Be2 d6 6. 0-0 c5 7. c3 Nc6 8. h3 cxd4 9. exd4 Nd5 10. Bg5 h6 11. Bd2 e5 12. Qc1 e4 13. Nh2 Kh7 14. Ng4 f5 15. Nh2 f4 16. Bg4 Bxg4 17. hxg4 f3 18. Re1 Qh4 19. Rxe4 fxg2 20. f3 Rxf3 21. Nxf3 Qh1+ 22. Kf2 Rf8 23. Rf4 Qxc1 24. Bxc1 Nxf4 25. Be3 d5 26. Nbd2 b5 27. Bxf4 Rxf4 28. Kg3 g5 29. Rg1 Na5 30. Rxg2 Nc4 31. Nxc4 bxc4 32. b3 cxb3 33. axb3 Re4 34. Ra2 Re3 35. Rxa7 Rxc3 36. Rb7 Kg6 37. Rb5 Bxd4 38. Rxd5 Bf6 39. Rb5 h5 40. gxh5+ Kxh5 41. b4 Rb3 42. Rf5 Be7 43. b5 Bd6+ 44. Kg2 Bf4 45. Rd5 Rb2+ 46. Kg1 Be3+ 47. Kf1 Bf4 1/2-1/2

[Event "Madrid Chamartin op 6th"]
[Site "Madrid"]
[Date "2017.09.05"]
[Round "3"]
[White "Rottenwohrer Suarez, Juan"]
[Black "Blesa Fernandez, Francisco"]
[Result "1/2-1/2"]
[WhiteElo "2180"]
[BlackElo "2010"]
[PlyCount "86"]
[EventDate "2017.09.04"]
[EventType "swiss"]
[EventRounds "9"]
[EventCountry "ESP"]
[SourceTitle "CBM 180 Extra"]
[Source "ChessBase"]
[SourceDate "2017.10.06"]
[SourceVersion "1"]
[SourceVersionDate "2017.10.06"]
[SourceQuality "1"]

1. c4 Nf6 2. d4 g6 3. Nf3 Bg7 4. g3 0-0 5. Bg2 d6 6. 0-0 Nc6 7. Nc3 a6 8. Re1 Bd7 9. e4 e5 10. d5 Ne7 11. c5 Ne8 12. b4 a5 13. Rb1 axb4 14. Rxb4 Qc8 15. Be3 f5 16. Bg5 Bf6 17. cxd6 cxd6 18. Qb3 Bxg5 19. Nxg5 Ra7 20. Rc4 Qb8 21. f4 exf4 22. e5 fxg3 23. Rh4 gxh2+ 24. Rxh2 h5 25. Qb4 Qd8 26. exd6 Nc8 27. Ne6 Bxe6 28. Rxe6 Rf6 29. Qd4 Rxe6 30. dxe6 Qxd6 31. Nd5 Qxe6 32. Ne3 Qb6 33. Qe5 Nf6 34. Bd5+ Nxd5 35. Qxd5+ Kh8 36. Qe5+ Kh7 37. Rd2 Qb1+ 38. Rd1 Qe4 39. Rd7+ Kh6 40. Qh8+ Kg5 41. Qd8+ Kh6 42. Qh8+ Kg5 43. Qd8+ Kh6 1/2-1/2

[Event "La Roda op 44th"]
[Site "La Roda"]
[Date "2017.04.12"]
[Round "1"]
[White "Blesa Fernandez, Francisco"]
[Black "Andriasian, Zaven"]
[Result "0-1"]
[WhiteElo "2020"]
[BlackElo "2615"]
[PlyCount "52"]
[EventDate "2017.04.12"]
[EventType "swiss"]
[EventRounds "9"]
[EventCountry "ESP"]
[SourceTitle "CBM 177 Extra"]
[Source "ChessBase"]
[SourceDate "2017.04.27"]
[SourceVersion "1"]
[SourceVersionDate "2017.04.27"]
[SourceQuality "1"]

1. d4 Nf6 2. c4 c5 3. d5 b5 4. cxb5 a6 5. bxa6 g6 6. Nc3 Bg7 7. e4 0-0 8. Nf3 Qa5 9. Bd2 Bxa6 10. Bxa6 Qxa6 11. Qe2 e6 12. dxe6 fxe6 13. Qxa6 Nxa6 14. 0-0 d5 15. exd5 exd5 16. Bg5 Nb4 17. Rfd1 c4 18. Rab1 Ra5 19. Nd4 Re8 20. b3 Nxa2 21. Nxa2 Rxa2 22. bxc4 Ne4 23. Be3 Nc3 24. cxd5 Nxd1 25. Rxd1 Bxd4 26. Bxd4 Rd2 0-1

[Event "Rutas de Cuenca op 3rd"]
[Site "Cuenca"]
[Date "2016.06.18"]
[Round "5"]
[White "Blesa Fernandez, Francisco"]
[Black "Aymerich Rosell, Pablo"]
[Result "1/2-1/2"]
[WhiteElo "1991"]
[BlackElo "2173"]
[PlyCount "107"]
[EventDate "2016.06.17"]
[EventType "swiss"]
[EventRounds "7"]
[EventCountry "ESP"]
[SourceTitle "EXT 2019"]
[Source "ChessBase"]
[SourceDate "2018.10.10"]
[SourceVersion "1"]
[SourceVersionDate "2018.10.10"]
[SourceQuality "1"]

1. d4 f5 2. g3 Nf6 3. Bg2 g6 4. Nf3 Bg7 5. 0-0 0-0 6. Nc3 d6 7. Qd3 Nc6 8. e4 Kh8 9. d5 fxe4 10. Nxe4 Nb4 11. Qc4 Nbxd5 12. Nxf6 Nxf6 13. Ng5 d5 14. Qe2 c6 15. Bf4 h6 16. Ne6 Bxe6 17. Qxe6 Qd7 18. Rfe1 Rae8 19. Bh3 Qxe6 20. Rxe6 g5 21. Be5 Ng8 22. Re1 Bxe5 23. R6xe5 Kg7 24. Bd7 Rd8 25. Be6 Nf6 26. Bf5 Rde8 27. Rxe7+ Rxe7 28. Rxe7+ Rf7 29. Rxf7+ Kxf7 30. c3 c5 31. Kf1 Ne8 32. Ke2 Kf6 33. Bd3 Ke5 34. Ke3 d4+ 35. cxd4+ cxd4+ 36. Kd2 Nf6 37. f3 b6 38. Bg6 Nd5 39. a3 Ne3 40. Bd3 a5 41. Bb5 h5 42. Be2 h4 43. Bd3 hxg3 44. hxg3 Nd5 45. Be4 Nc7 46. Kd3 Ne6 47. b4 axb4 48. axb4 b5 49. Bc6 Nc7 50. Bb7 Ne6 51. Bc6 Nc7 52. f4+ gxf4 53. gxf4+ Kxf4 54. Kxd4 1/2-1/2

[Event "Rutas de Cuenca op 3rd"]
[Site "Cuenca"]
[Date "2016.06.18"]
[Round "4"]
[White "Jordan Martinez, David"]
[Black "Blesa Fernandez, Francisco"]
[Result "1/2-1/2"]
[WhiteElo "2195"]
[BlackElo "1991"]
[PlyCount "102"]
[EventDate "2016.06.17"]
[EventType "swiss"]
[EventRounds "7"]
[EventCountry "ESP"]
[SourceTitle "EXT 2019"]
[Source "ChessBase"]
[SourceDate "2018.10.10"]
[SourceVersion "1"]
[SourceVersionDate "2018.10.10"]
[SourceQuality "1"]

1. e4 e6 2. d4 d5 3. Nd2 Nf6 4. e5 Nfd7 5. f4 c5 6. c3 Nc6 7. Ndf3 cxd4 8. cxd4 Nb6 9. Bd3 Bd7 10. Ne2 a5 11. 0-0 a4 12. g4 a3 13. b3 Nb4 14. f5 Nxd3 15. Qxd3 Be7 16. Bd2 Nc8 17. Nf4 Na7 18. Rf2 Qb6 19. Nh5 0-0-0 20. Nxg7 exf5 21. Nxf5 Bxf5 22. gxf5 Kb8 23. Rg2 Rhg8 24. f6 Bb4 25. Bf4 Ka8 26. Qxh7 Rxg2+ 27. Kxg2 Qe6 28. Rc1 Nb5 29. Qd3 Na7 30. Bg3 Nc6 31. Qb5 Rg8 32. Qd3 Bf8 33. Qh7 Rg4 34. Qh8 Qe8 35. Qh5 Re4 36. Kf2 Nxd4 37. Nxd4 Rxd4 38. Qf5 Qb5 39. Qc8+ Ka7 40. Qc2 Qb4 41. Rd1 Rxd1 42. Qxd1 Bc5+ 43. Kg2 Qe4+ 44. Kh3 Qh7+ 45. Kg4 Qg6+ 46. Kh4 Be3 47. Qg4 Qh7+ 48. Qh5 Qe4+ 49. Qg4 Qh7+ 50. Qh5 Qe4+ 51. Qg4 Qh7+ 1/2-1/2

[Event "Benidorm op U2000 13th"]
[Site "Benidorm"]
[Date "2014.12.07"]
[Round "10"]
[White "Portillo Castellon, Javier"]
[Black "Blesa Fernandez, Francisco"]
[Result "0-1"]
[WhiteElo "1978"]
[BlackElo "1881"]
[PlyCount "64"]
[EventDate "2014.11.28"]
[EventType "swiss"]
[EventRounds "10"]
[EventCountry "ESP"]
[SourceTitle "CBM 163 Extra"]
[Source "ChessBase"]
[SourceDate "2014.12.23"]
[SourceVersion "1"]
[SourceVersionDate "2014.12.23"]
[SourceQuality "1"]

1. c4 Nf6 2. d4 c6 3. Nc3 d5 4. e3 a6 5. Qc2 Bg4 6. Bd3 e6 7. Nge2 Be7 8. 0-0 Bh5 9. Nf4 Bg6 10. Nxg6 hxg6 11. cxd5 exd5 12. Na4 Nbd7 13. Bd2 Bd6 14. h3 g5 15. f3 Nh5 16. e4 Nf4 17. e5 Bc7 18. Bxf4 gxf4 19. b3 Rh6 20. Rac1 Qg5 21. Kh2 Qg3+ 22. Kh1 Ke7 23. Qf2 Qg5 24. Qc2 g6 25. Qf2 Rah8 26. Nc3 Bb6 27. Na4 Rxh3+ 28. gxh3 Rxh3+ 29. Qh2 Rxh2+ 30. Kxh2 Qg3+ 31. Kh1 Qh3+ 32. Kg1 Bxd4+ 0-1

[Event "Benidorm op U2000 12th"]
[Site "Benidorm"]
[Date "2013.12.07"]
[Round "10"]
[White "Blesa Fernandez, Francisco"]
[Black "Izagirre Alsua, Aritz"]
[Result "0-1"]
[WhiteElo "1978"]
[BlackElo "1947"]
[PlyCount "54"]
[EventDate "2013.11.29"]
[EventType "swiss"]
[EventRounds "10"]
[EventCountry "ESP"]
[SourceTitle "CBM 157 Extra"]
[Source "ChessBase"]
[SourceDate "2013.12.19"]
[SourceVersion "1"]
[SourceVersionDate "2013.12.19"]
[SourceQuality "1"]

1. d4 d5 2. c4 c6 3. Nf3 Nf6 4. Nc3 a6 5. e3 e6 6. Bd3 c5 7. 0-0 Nc6 8. b3 cxd4 9. exd4 dxc4 10. Bxc4 b5 11. Bd3 Be7 12. Re1 0-0 13. Bb2 Nb4 14. Bb1 Bb7 15. Ne5 Rc8 16. Re3 Nbd5 17. Rh3 Nf4 18. Rg3 N6h5 19. Re3 Bxg2 20. Ne2 f5 21. Nxf4 Nxf4 22. Nd3 Nxd3 23. Bxd3 Bd5 24. a4 Bd6 25. Kf1 Qg5 26. Rg3 Bxg3 27. hxg3 Qh6 0-1

[Event "Benidorm op U2000 12th"]
[Site "Benidorm"]
[Date "2013.12.03"]
[Round "6"]
[White "Blesa Fernandez, Francisco"]
[Black "Castrillon Otero, Javier"]
[Result "1-0"]
[WhiteElo "1978"]
[BlackElo "1929"]
[PlyCount "73"]
[EventDate "2013.11.29"]
[EventType "swiss"]
[EventRounds "10"]
[EventCountry "ESP"]
[SourceTitle "CBM 157 Extra"]
[Source "ChessBase"]
[SourceDate "2013.12.19"]
[SourceVersion "1"]
[SourceVersionDate "2013.12.19"]
[SourceQuality "1"]

1. d4 d5 2. c4 c6 3. Nf3 Nf6 4. Nc3 a6 5. e3 b5 6. b3 Bg4 7. Be2 Nbd7 8. 0-0 e6 9. Bb2 Bd6 10. Qc2 0-0 11. e4 b4 12. e5 bxc3 13. Bxc3 Bb8 14. exf6 Qxf6 15. Qc1 Bf4 16. Bd2 Bxd2 17. Qxd2 dxc4 18. bxc4 Rfd8 19. h3 Bh5 20. Qe3 Rab8 21. Rab1 Bg6 22. Rxb8 Rxb8 23. Ne5 Nxe5 24. dxe5 Qe7 25. Rd1 f5 26. Rd6 Rb1+ 27. Kh2 Rb2 28. c5 f4 29. Qf3 Qg5 30. Qxc6 Qxe5 31. Rxe6 Qb8 32. Bf3 Rxf2 33. Re7 Qf8 34. Qe6+ Kh8 35. c6 Rc2 36. c7 h6 37. Qxg6 1-0

[Event "Benidorm op U2000 12th"]
[Site "Benidorm"]
[Date "2013.12.01"]
[Round "4"]
[White "Blesa Fernandez, Francisco"]
[Black "Oualili, Abdelali"]
[Result "1-0"]
[WhiteElo "1978"]
[BlackElo "1900"]
[PlyCount "51"]
[EventDate "2013.11.29"]
[EventType "swiss"]
[EventRounds "10"]
[EventCountry "ESP"]
[SourceTitle "CBM 157 Extra"]
[Source "ChessBase"]
[SourceDate "2013.12.19"]
[SourceVersion "1"]
[SourceVersionDate "2013.12.19"]
[SourceQuality "1"]

1. d4 d5 2. c4 e6 3. Nc3 Nf6 4. Bg5 Be7 5. Nf3 h6 6. Bh4 0-0 7. e3 Ne4 8. Bxe7 Qxe7 9. Rc1 c6 10. Bd3 f5 11. 0-0 Nd7 12. Nd2 Ndf6 13. f3 Ng5 14. e4 fxe4 15. fxe4 e5 16. exd5 exd4 17. Re1 Qd8 18. Nce4 Ng4 19. Nxg5 Qxg5 20. Nf3 Qh5 21. Qe2 c5 22. h3 Nf6 23. Ne5 Qg5 24. Ng6 Re8 25. Qxe8+ Nxe8 26. Rxe8+ 1-0

[Event "Benidorm op U2000 12th"]
[Site "Benidorm"]
[Date "2013.12.01"]
[Round "3"]
[White "Perez Garcia, Jose Miguel"]
[Black "Blesa Fernandez, Francisco"]
[Result "1/2-1/2"]
[WhiteElo "1914"]
[BlackElo "1978"]
[PlyCount "87"]
[EventDate "2013.11.29"]
[EventType "swiss"]
[EventRounds "10"]
[EventCountry "ESP"]
[SourceTitle "CBM 157 Extra"]
[Source "ChessBase"]
[SourceDate "2013.12.19"]
[SourceVersion "1"]
[SourceVersionDate "2013.12.19"]
[SourceQuality "1"]

1. Nf3 Nf6 2. d4 d5 3. c4 c6 4. Qc2 a6 5. e3 e6 6. c5 Nbd7 7. Nc3 Qc7 8. Na4 e5 9. Nb6 Nxb6 10. cxb6 Qxb6 11. Nxe5 Bb4+ 12. Kd1 0-0 13. Bd3 Be6 14. Qb3 Ng4 15. Nxg4 Bxg4+ 16. f3 Bh5 17. Bd2 Ba5 18. Qxb6 Bxb6 19. Bb4 Rfe8 20. Kd2 Bg6 21. Bxg6 hxg6 22. Kd3 Re6 23. Rae1 Rae8 24. Re2 Bc7 25. g3 f5 26. Rhe1 Kf7 27. e4 dxe4+ 28. fxe4 Bb6 29. exf5 gxf5 30. Rxe6 Rxe6 31. Rf1 Kg6 32. Bc3 Rd6 33. Rf4 Rd5 34. Kc4 Bd8 35. g4 b5+ 36. Kb3 Bc7 37. gxf5+ Rxf5 38. Re4 Bxh2 39. Re6+ Rf6 40. Re2 Bf4 41. Rg2+ Bg5 42. d5 Rd6 43. dxc6 Rxc6 44. Bxg7 1/2-1/2

[Event "Villa Navarrete"]
[Site "Navarrete"]
[Date "2013.09.06"]
[Round "3.3"]
[White "Blesa Fernandez, Francisco"]
[Black "Jimenez Almeida, Luis David"]
[Result "1/2-1/2"]
[WhiteElo "1961"]
[BlackElo "1982"]
[PlyCount "99"]
[EventDate "2013.09.05"]
[EventType "swiss"]
[EventRounds "5"]
[EventCountry "ESP"]
[SourceTitle "EXT 2024"]
[Source "ChessBase"]
[SourceDate "2023.10.10"]
[SourceVersion "1"]
[SourceVersionDate "2023.10.10"]
[SourceQuality "1"]

1. d4 g6 2. e4 Bg7 3. c4 Nc6 4. Nf3 d6 5. h3 e5 6. Be3 exd4 7. Nxd4 Nf6 8. Nc3 0-0 9. Nxc6 bxc6 10. Bd3 Re8 11. 0-0 Nd7 12. f4 a5 13. Qd2 a4 14. Rac1 a3 15. b3 Bb7 16. c5 Nxc5 17. Bxc5 dxc5 18. Rfd1 Qh4 19. Ne2 Rad8 20. Qe3 Bd4 21. Nxd4 cxd4 22. Qf2 Qe7 23. e5 c5 24. Qc2 Qh4 25. Qf2 Qe7 26. Qc2 g5 27. Qxc5 gxf4 28. Qxc7 Rd7 29. Qc2 Qxe5 30. Bxh7+ Kh8 31. Re1 Qxe1+ 32. Rxe1 Rxe1+ 33. Kf2 Rde7 34. Bd3 Ra1 35. Qd2 Re3 36. Be2 d3 37. Bxd3 Kg8 38. Bc2 Rae1 39. Qxe1 Rxe1 40. Kxe1 Bxg2 41. Kf2 Bd5 42. Ke2 Kg7 43. Bb1 Kf6 44. h4 Ke5 45. h5 f5 46. h6 Kf6 47. Bxf5 Bxb3 48. Bb1 Bc4+ 49. Kf3 Bd5+ 50. Kxf4 1/2-1/2

[Event "San Pedro del Pinatar 4th"]
[Site "San Pedro del Pinatar"]
[Date "2013.01.12"]
[Round "3.8"]
[White "Blesa Fernandez, Francisco"]
[Black "Diaz Rodriguez, Jose Antonio"]
[Result "1/2-1/2"]
[WhiteElo "1893"]
[BlackElo "2097"]
[PlyCount "62"]
[EventDate "2013.01.11"]
[EventType "swiss"]
[EventRounds "7"]
[EventCountry "ESP"]
[SourceTitle "EXT 2024"]
[Source "ChessBase"]
[SourceDate "2023.10.10"]
[SourceVersion "1"]
[SourceVersionDate "2023.10.10"]
[SourceQuality "1"]

1. d4 Nf6 2. c4 d6 3. Nc3 g6 4. e4 Bg7 5. f3 Nbd7 6. Be3 c5 7. Nge2 a6 8. Qd2 Qa5 9. Nc1 cxd4 10. Bxd4 Ne5 11. Nb3 Qb4 12. Nd5 Qxd2+ 13. Kxd2 Nxd5 14. cxd5 0-0 15. Rc1 e6 16. dxe6 Bxe6 17. f4 Bh6 18. g3 Bxb3 19. axb3 Nf3+ 20. Ke3 Nxd4 21. Kxd4 Bg7+ 22. Kd5 Bxb2 23. Rc7 b5 24. Kxd6 Rfe8 25. e5 Rad8+ 26. Kc6 Re6+ 27. Kb7 Bd4 28. Rc6 Rd7+ 29. Rc7 Rd8 30. Rc6 Rd7+ 31. Rc7 Rd8 1/2-1/2

[Event "Benidorm op U2200 10th"]
[Site "Benidorm"]
[Date "2011.12.10"]
[Round "10"]
[White "Blesa Fernandez, Francisco"]
[Black "Cruz Guerra, Samuel"]
[Result "1/2-1/2"]
[WhiteElo "1729"]
[BlackElo "1843"]
[PlyCount "30"]
[EventDate "2011.12.02"]
[EventType "swiss"]
[EventRounds "10"]
[EventCountry "ESP"]
[SourceTitle "CBM 145 Extra"]
[Source "ChessBase"]
[SourceDate "2012.01.03"]
[SourceVersion "1"]
[SourceVersionDate "2012.01.03"]
[SourceQuality "1"]

1. d4 Nf6 2. c4 e5 3. dxe5 Ng4 4. Bf4 g5 5. Bg3 Nc6 6. Nf3 Bg7 7. Nc3 Ngxe5 8. Nxe5 Nxe5 9. e3 d6 10. Be2 Be6 11. Rc1 Qd7 12. Qa4 Qxa4 13. Nxa4 0-0 14. b3 f5 15. h3 Rae8 1/2-1/2